[Event "Trapani Province-ch"]
[Site "Erice"]
[Date "2011.02.12"]
[Round "3"]
[White "Krumbiegel, Michael"]
[Black "Silvestro, Roberto Luigi"]
[Result "0-1"]
[WhiteElo "1458"]
[BlackElo "1751"]
[PlyCount "82"]
[EventDate "2011.02.12"]
[EventType "swiss"]
[EventRounds "6"]
[EventCountry "ITA"]
[SourceTitle "EXT 2024"]
[Source "ChessBase"]
[SourceDate "2023.10.10"]
[SourceVersion "1"]
[SourceVersionDate "2023.10.10"]
[SourceQuality "1"]

1. e4 c5 2. Bc4 g6 3. c3 Nc6 4. Nf3 Bg7 5. 0-0 d6 6. h3 Nf6 7. d3 0-0 8. Be3 a6 9. a4 Re8 10. Nbd2 Bd7 11. Nb3 Na7 12. Nbd2 b5 13. axb5 axb5 14. e5 bxc4 15. exf6 Bxf6 16. Nxc4 Nc6 17. Rxa8 Qxa8 18. Nb6 Qb7 19. Nxd7 Qxd7 20. Qd2 e6 21. Ra1 Qb7 22. Bg5 Bh8 23. Ra4 Rb8 24. Rh4 Qxb2 25. c4 Qxd2 26. Bxd2 Rb1+ 27. Kh2 Ne5 28. Nxe5 Bxe5+ 29. Bf4 g5 30. Bxe5 gxh4 31. Bxd6 Rd1 32. Bxc5 Rxd3 33. Be7 Rd7 34. Bxh4 Rc7 35. Bf6 Rxc4 36. Kg3 h6 37. f4 Kh7 38. h4 Kg6 39. Bh8 f6 40. h5+ Kf7 41. Kf3 Rc8 0-1